[Event "25th 4NCL Congress"]
[Site "Leamington Spa, United Kingdom"]
[Date "2021.07.10"]
[Round "2.12"]
[White "Kett, Timothy J"]
[Black "Hurney, Kevin"]
[Result "1-0"]
[TimeControl "All moves in 90 minutes + 30 seconds per move"]
[WhiteElo "2178"]
[BlackElo "1966"]

1. e4 {[%clk 01:30:40]} {[%emt 00:00:18]} g6 {[%clk 01:30:49]} {[%emt
00:00:13]} 2. d4 {[%clk 01:30:51]} {[%emt 00:00:18]} Bg7 {[%clk 01:31:13]}
{[%emt 00:00:06]} 3. Nc3 {[%clk 01:31:11]} {[%emt 00:00:09]} d6 {[%clk
01:31:37]} {[%emt 00:00:07]} 4. Be3 {[%clk 01:30:06]} {[%emt 00:01:34]} c6
{[%clk 01:30:02]} {[%emt 00:02:07]} 5. Qd2 {[%clk 01:29:48]} {[%emt 00:00:47]}
Qa5 {[%clk 01:29:13]} {[%emt 00:01:20]} 6. O-O-O {[%clk 01:29:39]} {[%emt
00:00:37]} b5 {[%clk 01:22:45]} {[%emt 00:06:59]} 7. Kb1 {[%clk 01:28:25]}
{[%emt 00:01:45]} Nd7 {[%clk 01:21:14]} {[%emt 00:02:01]} 8. h4 {[%clk
01:24:59]} {[%emt 00:03:55]} Ngf6 {[%clk 01:18:37]} {[%emt 00:03:08]} 9. f3
{[%clk 01:22:00]} {[%emt 00:03:29]} Nb6 {[%clk 01:09:30]} {[%emt 00:09:37]} 10.
b3 {[%clk 01:01:55]} {[%emt 00:20:34]} b4 {[%clk 01:06:58]} {[%emt 00:03:03]}
11. Nce2 {[%clk 01:02:06]} {[%emt 00:00:18]} h5 {[%clk 00:52:35]} {[%emt
00:14:54]} 12. Nh3 {[%clk 00:57:53]} {[%emt 00:04:42]} Bxh3 {[%clk 00:51:59]}
{[%emt 00:01:07]} 13. Rxh3 {[%clk 00:58:11]} {[%emt 00:00:11]} Nbd7 {[%clk
00:49:47]} {[%emt 00:02:43]} 14. Ng3 {[%clk 00:53:25]} {[%emt 00:05:15]} Qb6
{[%clk 00:44:01]} {[%emt 00:06:17]} 15. f4 {[%clk 00:44:30]} {[%emt 00:09:24]}
Ng4 {[%clk 00:42:18]} {[%emt 00:02:13]} 16. Bg1 {[%clk 00:43:52]} {[%emt
00:01:07]} a5 {[%clk 00:40:10]} {[%emt 00:02:40]} 17. e5 {[%clk 00:42:17]}
{[%emt 00:02:03]} a4 {[%clk 00:33:07]} {[%emt 00:07:34]} 18. f5 {[%clk
00:37:08]} {[%emt 00:05:38]} axb3 {[%clk 00:32:13]} {[%emt 00:01:25]} 19. cxb3
{[%clk 00:34:41]} {[%emt 00:02:56]} Bh6 {[%clk 00:31:41]} {[%emt 00:01:02]} 20.
Qc2 {[%clk 00:34:10]} {[%emt 00:01:00]} Be3 {[%clk 00:26:17]} {[%emt 00:05:55]}
21. fxg6 {[%clk 00:32:46]} {[%emt 00:01:54]} Bxg1 {[%clk 00:25:58]} {[%emt
00:00:50]} 22. gxf7+ {[%clk 00:31:55]} {[%emt 00:01:20]} Kd8 {[%clk 00:24:57]}
{[%emt 00:01:31]} 23. exd6 {[%clk 00:21:58]} {[%emt 00:10:27]} exd6 {[%clk
00:23:54]} {[%emt 00:01:33]} 24. Nf5 {[%clk 00:22:04]} {[%emt 00:00:22]} Kc7
{[%clk 00:20:33]} {[%emt 00:03:52]} 25. Rc1 {[%clk 00:05:47]} {[%emt 00:16:46]}
Rhf8 {[%clk 00:12:15]} {[%emt 00:08:48]} 26. Be2 {[%clk 00:02:58]} {[%emt
00:03:20]} Bf2 {[%clk 00:09:25]} {[%emt 00:03:20]} 27. Bf3 {[%clk 00:02:56]}
{[%emt 00:00:31]} Nb8 {[%clk 00:07:19]} {[%emt 00:02:36]} 28. Ne7 {[%clk
00:02:18]} {[%emt 00:01:08]} Kb7 {[%clk 00:04:58]} {[%emt 00:02:52]} 29. Nxc6
{[%clk 00:02:23]} {[%emt 00:00:24]} Nxc6 {[%clk 00:05:06]} {[%emt 00:00:23]} 30.
Bxc6+ {[%clk 00:02:25]} {[%emt 00:00:28]} Ka7 {[%clk 00:05:20]} {[%emt
00:00:18]} 31. Bxa8 {[%clk 00:01:58]} {[%emt 00:00:56]} Kxa8 {[%clk 00:04:51]}
{[%emt 00:01:00]} 32. Qe4+ {[%clk 00:01:22]} {[%emt 00:01:05]} Ka7 {[%clk
00:04:33]} {[%emt 00:00:48]} 33. Qe7+ {[%clk 00:01:33]} 1-0

[Event "25th 4NCL Congress"]
[Site "Leamington Spa, United Kingdom"]
[Date "2021.07.10"]
[Round "2.13"]
[White "Burrows, Nick"]
[Black "Munshi, Aditya"]
[Result "1-0"]
[TimeControl "All moves in 90 minutes + 30 seconds per move"]
[WhiteElo "1947"]
[BlackElo "2069"]

1. Nf3 {[%clk 01:30:55]} {[%emt 00:00:04]} d5 {[%clk 01:30:09]} {[%emt
00:00:51]} 2. g3 {[%clk 01:31:13]} {[%emt 00:00:12]} Bg4 {[%clk 01:30:36]}
{[%emt 00:00:04]} 3. Bg2 {[%clk 01:31:27]} {[%emt 00:00:16]} Nd7 {[%clk
01:30:39]} {[%emt 00:00:27]} 4. c4 {[%clk 01:31:24]} {[%emt 00:00:33]} c6
{[%clk 01:29:50]} {[%emt 00:01:19]} 5. cxd5 {[%clk 01:31:26]} {[%emt 00:00:28]}
cxd5 {[%clk 01:30:19]} {[%emt 00:00:02]} 6. O-O {[%clk 01:30:23]} {[%emt
00:01:32]} Ngf6 {[%clk 01:30:04]} {[%emt 00:00:45]} 7. Qb3 {[%clk 01:28:52]}
{[%emt 00:02:01]} e5 {[%clk 01:21:59]} {[%emt 00:08:35]} 8. d4 {[%clk
01:24:36]} {[%emt 00:04:45]} e4 {[%clk 01:16:05]} {[%emt 00:06:25]} 9. Ne5
{[%clk 01:24:20]} {[%emt 00:00:46]} Bxe2 {[%clk 01:15:40]} {[%emt 00:00:55]} 10.
Re1 {[%clk 01:24:11]} {[%emt 00:00:39]} Ba6 {[%clk 01:15:14]} {[%emt 00:00:56]}
11. f3 {[%clk 01:00:57]} {[%emt 00:23:45]} Nxe5 {[%clk 00:22:13]} {[%emt
00:53:31]} 12. dxe5 {[%clk 01:01:05]} {[%emt 00:00:22]} Bc4 {[%clk 00:10:35]}
{[%emt 00:12:07]} 13. Qc3 {[%clk 00:50:46]} {[%emt 00:10:49]} Bc5+ {[%clk
00:08:39]} {[%emt 00:02:25]} 14. Kh1 {[%clk 00:50:08]} {[%emt 00:01:08]} Nd7
{[%clk 00:08:10]} {[%emt 00:01:00]} 15. fxe4 {[%clk 00:45:57]} {[%emt
00:04:41]} O-O {[%clk 00:06:09]} {[%emt 00:02:30]} 16. exd5 {[%clk 00:45:14]}
{[%emt 00:01:14]} Bf2 {[%clk 00:05:59]} {[%emt 00:00:40]} 17. Rd1 {[%clk
00:42:19]} {[%emt 00:03:49]} Be2 {[%clk 00:03:44]} {[%emt 00:02:44]} 18. Rd2
{[%clk 00:31:27]} {[%emt 00:11:23]} Rc8 {[%clk 00:03:28]} {[%emt 00:00:46]} 19.
Rxe2 {[%clk 00:31:36]} {[%emt 00:00:21]} Rxc3 {[%clk 00:03:51]} {[%emt
00:00:07]} 20. Nxc3 {[%clk 00:31:58]} {[%emt 00:00:08]} Bd4 {[%clk 00:01:28]}
{[%emt 00:02:53]} 21. e6 {[%clk 00:30:48]} {[%emt 00:01:40]} fxe6 {[%clk
00:00:34]} {[%emt 00:01:24]} 22. dxe6 {[%clk 00:31:05]} {[%emt 00:00:13]} Ne5
{[%clk 00:00:33]} {[%emt 00:00:32]} 23. Bf4 {[%clk 00:29:47]} {[%emt 00:01:48]}
Ng6 {[%clk 00:00:32]} {[%emt 00:00:32]} 24. Nd5 {[%clk 00:25:57]} {[%emt
00:04:20]} Ne7 {[%clk 00:00:34]} {[%emt 00:00:27]} 25. Rd1 {[%clk 00:24:07]}
{[%emt 00:02:20]} Bc5 {[%clk 00:00:31]} {[%emt 00:00:34]} 26. Nf6+ {[%clk
00:23:05]} {[%emt 00:01:32]} gxf6 {[%clk 00:00:58]} {[%emt 00:00:03]} 27. Rxd8
{[%clk 00:23:28]} {[%emt 00:00:07]} Rxd8 {[%clk 00:01:25]} {[%emt 00:00:03]} 28.
Rd2 {[%clk 00:22:37]} {[%emt 00:01:21]} Rxd2 {[%clk 00:01:08]} {[%emt
00:00:47]} 29. Bxd2 {[%clk 00:23:05]} {[%emt 00:00:02]} Nc6 {[%clk 00:01:24]}
{[%emt 00:00:14]} 30. Bc3 {[%clk 00:20:58]} {[%emt 00:02:36]} Nd4 {[%clk
00:00:32]} {[%emt 00:01:23]} 31. Bxb7 {[%clk 00:19:47]} {[%emt 00:01:41]} Kf8
{[%clk 00:00:33]} {[%emt 00:00:30]} 32. b4 {[%clk 00:15:52]} {[%emt 00:04:25]}
Bb6 {[%clk 00:00:40]} {[%emt 00:00:22]} 33. a4 {[%clk 00:15:59]} {[%emt
00:00:24]} a5 {[%clk 00:01:05]} {[%emt 00:00:06]} 34. bxa5 {[%clk 00:16:03]}
{[%emt 00:00:26]} Ba7 {[%clk 00:01:04]} {[%emt 00:00:30]} 35. Bb4+ {[%clk
00:15:22]} {[%emt 00:01:12]} Ke8 {[%clk 00:01:29]} {[%emt 00:00:05]} 36. Bc8
{[%clk 00:14:48]} {[%emt 00:01:04]} Kd8 {[%clk 00:00:48]} {[%emt 00:01:10]} 37.
Bd7 {[%clk 00:14:11]} {[%emt 00:01:09]} Nf5 {[%clk 00:00:32]} {[%emt 00:00:46]}
38. Bb5 {[%clk 00:13:31]} {[%emt 00:01:09]} Bb8 {[%clk 00:00:32]} {[%emt
00:00:30]} 39. Bc5 {[%clk 00:12:53]} {[%emt 00:01:09]} Nd6 {[%clk 00:00:50]}
{[%emt 00:00:11]} 40. a6 {[%clk 00:12:50]} {[%emt 00:00:32]} Nc8 {[%clk
00:01:15]} {[%emt 00:00:05]} 41. a7 {[%clk 00:12:02]} {[%emt 00:01:18]} 1-0

[Event "25th 4NCL Congress"]
[Site "Leamington Spa, United Kingdom"]
[Date "2021.07.10"]
[Round "2.14"]
[White "Gogia, Armaan"]
[Black "Starley, Robert"]
[Result "1/2-1/2"]
[TimeControl "All moves in 90 minutes + 30 seconds per move"]
[WhiteElo "1891"]
[BlackElo "2084"]

1. e4 {[%clk 01:30:57]} {[%emt 00:00:02]} e5 {[%clk 01:30:56]} {[%emt
00:00:05]} 2. Nf3 {[%clk 01:31:20]} {[%emt 00:00:06]} Nc6 {[%clk 01:31:22]}
{[%emt 00:00:05]} 3. Bb5 {[%clk 01:31:46]} {[%emt 00:00:03]} g6 {[%clk
01:31:47]} {[%emt 00:00:06]} 4. c3 {[%clk 01:31:27]} {[%emt 00:00:49]} a6
{[%clk 01:32:10]} {[%emt 00:00:07]} 5. Bc4 {[%clk 01:31:46]} {[%emt 00:00:10]}
Bg7 {[%clk 01:32:33]} {[%emt 00:00:08]} 6. O-O {[%clk 01:30:07]} {[%emt
00:02:08]} d6 {[%clk 01:31:42]} {[%emt 00:01:21]} 7. d4 {[%clk 01:22:50]}
{[%emt 00:07:48]} exd4 {[%clk 01:31:18]} {[%emt 00:00:54]} 8. Nxd4 {[%clk
01:23:06]} {[%emt 00:00:13]} Nge7 {[%clk 01:30:32]} {[%emt 00:01:16]} 9. Be3
{[%clk 01:19:17]} {[%emt 00:04:18]} O-O {[%clk 01:29:49]} {[%emt 00:01:13]} 10.
Nd2 {[%clk 01:17:44]} {[%emt 00:02:03]} Nxd4 {[%clk 01:25:09]} {[%emt
00:05:10]} 11. Bxd4 {[%clk 01:14:10]} {[%emt 00:04:05]} Bxd4 {[%clk 01:24:28]}
{[%emt 00:01:11]} 12. cxd4 {[%clk 01:14:35]} {[%emt 00:00:05]} d5 {[%clk
01:24:47]} {[%emt 00:00:12]} 13. exd5 {[%clk 01:12:36]} {[%emt 00:02:29]} Nxd5
{[%clk 01:25:09]} {[%emt 00:00:08]} 14. Ne4 {[%clk 01:12:55]} {[%emt 00:00:10]}
Nf6 {[%clk 01:22:26]} {[%emt 00:03:13]} 15. Qf3 {[%clk 01:00:25]} {[%emt
00:13:00]} Kg7 {[%clk 01:19:23]} {[%emt 00:03:33]} 16. Nxf6 {[%clk 00:56:20]}
{[%emt 00:04:36]} Qxf6 {[%clk 01:19:46]} {[%emt 00:00:06]} 17. Qc3 {[%clk
00:56:29]} {[%emt 00:00:20]} Bd7 {[%clk 01:16:52]} {[%emt 00:03:24]} 18. Rfe1
{[%clk 00:54:19]} {[%emt 00:02:40]} Rfe8 {[%clk 01:13:42]} {[%emt 00:03:40]} 19.
Re5 {[%clk 00:49:25]} {[%emt 00:05:22]} Qb6 {[%clk 01:10:37]} {[%emt 00:03:36]}
20. Rae1 {[%clk 00:36:19]} {[%emt 00:13:36]} Qd6 {[%clk 01:04:18]} {[%emt
00:06:49]} 21. R1e3 {[%clk 00:31:42]} {[%emt 00:05:07]} f6 {[%clk 01:00:53]}
{[%emt 00:03:56]} 22. Rd5 {[%clk 00:20:11]} {[%emt 00:12:00]} Qc6 {[%clk
01:00:15]} {[%emt 00:01:08]} 23. Rc5 {[%clk 00:20:18]} {[%emt 00:00:24]} Qb6
{[%clk 00:57:55]} {[%emt 00:02:50]} 24. h4 {[%clk 00:18:17]} {[%emt 00:02:31]}
Rxe3 {[%clk 00:54:55]} {[%emt 00:03:30]} 25. Qxe3 {[%clk 00:17:23]} {[%emt
00:01:24]} Re8 {[%clk 00:54:36]} {[%emt 00:00:49]} 26. Qf4 {[%clk 00:17:22]}
{[%emt 00:00:32]} Bc6 {[%clk 00:53:42]} {[%emt 00:01:23]} 27. h5 {[%clk
00:12:08]} {[%emt 00:05:44]} h6 {[%clk 00:52:37]} {[%emt 00:01:35]} 28. Qg4
{[%clk 00:09:16]} {[%emt 00:03:22]} g5 {[%clk 00:51:49]} {[%emt 00:01:17]} 29.
Qf5 {[%clk 00:09:07]} {[%emt 00:00:39]} Re1+ {[%clk 00:51:20]} {[%emt
00:00:59]} 30. Kh2 {[%clk 00:07:40]} {[%emt 00:01:57]} Be8 {[%clk 00:50:34]}
{[%emt 00:01:17]} 31. Qd5 {[%clk 00:05:47]} {[%emt 00:02:23]} Kf8 {[%clk
00:45:50]} {[%emt 00:05:15]} 32. Qg8+ {[%clk 00:02:38]} {[%emt 00:03:38]}
1/2-1/2

[Event "25th 4NCL Congress"]
[Site "Leamington Spa, United Kingdom"]
[Date "2021.07.10"]
[Round "2.15"]
[White "Seymour, Timothy P"]
[Black "Faulkner, Martin J"]
[Result "1-0"]
[TimeControl "All moves in 90 minutes + 30 seconds per move"]
[WhiteElo "2119"]
[BlackElo "1892"]

1. d4 {[%clk 01:30:55]} {[%emt 00:00:03]} Nf6 {[%clk 01:30:54]} {[%emt
00:00:07]} 2. Nf3 {[%clk 01:31:17]} {[%emt 00:00:08]} d5 {[%clk 01:31:12]}
{[%emt 00:00:12]} 3. c4 {[%clk 01:31:26]} {[%emt 00:00:21]} e6 {[%clk
01:31:28]} {[%emt 00:00:14]} 4. Nc3 {[%clk 01:31:48]} {[%emt 00:00:08]} Bb4
{[%clk 01:31:13]} {[%emt 00:00:45]} 5. cxd5 {[%clk 01:32:10]} {[%emt 00:00:09]}
exd5 {[%clk 01:30:36]} {[%emt 00:01:06]} 6. Bg5 {[%clk 01:32:32]} {[%emt
00:00:07]} O-O {[%clk 01:26:41]} {[%emt 00:04:26]} 7. e3 {[%clk 01:31:10]}
{[%emt 00:01:52]} h6 {[%clk 01:22:24]} {[%emt 00:04:47]} 8. Bh4 {[%clk
01:30:40]} {[%emt 00:01:00]} c6 {[%clk 01:20:34]} {[%emt 00:02:20]} 9. Qc2
{[%clk 01:25:32]} {[%emt 00:05:38]} Nbd7 {[%clk 01:10:44]} {[%emt 00:10:20]} 10.
Be2 {[%clk 01:22:53]} {[%emt 00:03:09]} Re8 {[%clk 01:10:17]} {[%emt 00:00:56]}
11. O-O {[%clk 01:19:57]} {[%emt 00:03:27]} Be7 {[%clk 00:54:50]} {[%emt
00:15:57]} 12. Nd2 {[%clk 00:59:26]} {[%emt 00:21:01]} Nf8 {[%clk 00:48:57]}
{[%emt 00:06:23]} 13. Bxf6 {[%clk 00:51:16]} {[%emt 00:08:40]} Bxf6 {[%clk
00:49:13]} {[%emt 00:00:14]} 14. b4 {[%clk 00:51:31]} {[%emt 00:00:15]} Be6
{[%clk 00:36:05]} {[%emt 00:13:38]} 15. Na4 {[%clk 00:37:39]} {[%emt 00:14:22]}
Qe7 {[%clk 00:27:55]} {[%emt 00:08:41]} 16. Rab1 {[%clk 00:32:57]} {[%emt
00:05:12]} Rec8 {[%clk 00:27:19]} {[%emt 00:01:06]} 17. Rfc1 {[%clk 00:29:01]}
{[%emt 00:04:25]} Bd7 {[%clk 00:26:36]} {[%emt 00:01:13]} 18. Bd3 {[%clk
00:27:29]} {[%emt 00:02:02]} Ne6 {[%clk 00:25:26]} {[%emt 00:01:40]} 19. Qb3
{[%clk 00:17:32]} {[%emt 00:10:27]} Nc7 {[%clk 00:21:00]} {[%emt 00:04:56]} 20.
Nc5 {[%clk 00:16:44]} {[%emt 00:01:19]} Rab8 {[%clk 00:19:42]} {[%emt
00:01:49]} 21. Qa4 {[%clk 00:15:56]} {[%emt 00:01:17]} a6 {[%clk 00:18:58]}
{[%emt 00:01:14]} 22. Qd1 {[%clk 00:13:31]} {[%emt 00:02:54]} g6 {[%clk
00:17:56]} {[%emt 00:01:32]} 23. a4 {[%clk 00:13:17]} {[%emt 00:00:44]} Be8
{[%clk 00:18:03]} {[%emt 00:00:23]} 24. g3 {[%clk 00:10:44]} {[%emt 00:03:03]}
h5 {[%clk 00:17:07]} {[%emt 00:01:26]} 25. h4 {[%clk 00:10:40]} {[%emt
00:00:35]} Rd8 {[%clk 00:16:51]} {[%emt 00:00:46]} 26. Kg2 {[%clk 00:10:02]}
{[%emt 00:01:08]} Bg7 {[%clk 00:16:34]} {[%emt 00:00:48]} 27. Qe2 {[%clk
00:09:45]} {[%emt 00:00:46]} Ne6 {[%clk 00:15:16]} {[%emt 00:01:48]} 28. Rb3
{[%clk 00:09:20]} {[%emt 00:00:55]} Bh6 {[%clk 00:14:47]} {[%emt 00:00:59]} 29.
Nf3 {[%clk 00:06:15]} {[%emt 00:03:35]} f6 {[%clk 00:13:50]} {[%emt 00:01:27]}
30. b5 {[%clk 00:05:22]} {[%emt 00:01:24]} axb5 {[%clk 00:13:23]} {[%emt
00:00:57]} 31. axb5 {[%clk 00:05:50]} {[%emt 00:00:02]} cxb5 {[%clk 00:10:33]}
{[%emt 00:03:21]} 32. Nxe6 {[%clk 00:05:33]} {[%emt 00:00:47]} Qxe6 {[%clk
00:10:52]} {[%emt 00:00:11]} 33. Bxb5 {[%clk 00:05:51]} {[%emt 00:00:12]} Bf7
{[%clk 00:08:48]} {[%emt 00:02:34]} 34. Bd3 {[%clk 00:03:41]} {[%emt 00:02:40]}
Bf8 {[%clk 00:09:06]} {[%emt 00:00:13]} 35. Rcb1 {[%clk 00:03:54]} {[%emt
00:00:17]} b6 {[%clk 00:09:00]} {[%emt 00:00:36]} 36. Qb2 {[%clk 00:03:57]}
{[%emt 00:00:27]} Rd6 {[%clk 00:08:13]} {[%emt 00:01:17]} 37. Ng1 {[%clk
00:03:42]} {[%emt 00:00:44]} g5 {[%clk 00:07:57]} {[%emt 00:00:47]} 38. Qc2
{[%clk 00:03:08]} {[%emt 00:01:04]} Rc6 {[%clk 00:06:54]} {[%emt 00:01:33]} 39.
Bh7+ {[%clk 00:01:55]} {[%emt 00:01:44]} Kg7 {[%clk 00:06:58]} {[%emt
00:00:27]} 40. Qd3 {[%clk 00:02:00]} {[%emt 00:00:25]} gxh4 {[%clk 00:06:32]}
{[%emt 00:00:55]} 41. Bf5 {[%clk 00:02:26]} {[%emt 00:00:04]} Qd6 {[%clk
00:06:06]} {[%emt 00:00:55]} 42. gxh4 {[%clk 00:02:46]} {[%emt 00:00:11]} Kh8
{[%clk 00:05:47]} {[%emt 00:00:48]} 43. Ne2 {[%clk 00:02:38]} {[%emt 00:00:38]}
Bh6 {[%clk 00:06:10]} {[%emt 00:00:07]} 44. Kh1 {[%clk 00:01:44]} {[%emt
00:01:25]} Be6 {[%clk 00:05:33]} {[%emt 00:01:07]} 45. Ng3 {[%clk 00:01:44]}
{[%emt 00:00:30]} Bf7 {[%clk 00:05:32]} {[%emt 00:00:31]} 46. Bg6 {[%clk
00:01:51]} {[%emt 00:00:23]} Be6 {[%clk 00:02:44]} {[%emt 00:03:19]} 47. Nf5
{[%clk 00:01:35]} {[%emt 00:00:45]} Bxf5 {[%clk 00:02:52]} {[%emt 00:00:22]} 48.
Qxf5 {[%clk 00:01:59]} {[%emt 00:00:06]} Rbc8 {[%clk 00:02:44]} {[%emt
00:00:38]} 49. Qxh5 {[%clk 00:01:13]} {[%emt 00:01:16]} Rc1+ {[%clk 00:02:44]}
{[%emt 00:00:30]} 50. Kg2 {[%clk 00:01:24]} {[%emt 00:00:19]} Kg7 {[%clk
00:02:41]} {[%emt 00:00:33]} 51. Bf5 {[%clk 00:01:34]} {[%emt 00:00:19]} R1c2
{[%clk 00:00:39]} {[%emt 00:02:34]} 52. Qg6+ {[%clk 00:01:58]} {[%emt
00:00:06]} Kf8 {[%clk 00:01:06]} {[%emt 00:00:03]} 53. Qxh6+ {[%clk 00:02:13]}
{[%emt 00:00:15]} Ke7 {[%clk 00:01:23]} {[%emt 00:00:13]} 54. Qh7+ {[%clk
00:02:23]} {[%emt 00:00:19]} Kf8 {[%clk 00:01:43]} {[%emt 00:00:10]} 55. Bxc2
{[%clk 00:02:37]} {[%emt 00:00:17]} Rxc2 {[%clk 00:01:24]} 1-0

[Event "25th 4NCL Congress"]
[Site "Leamington Spa, United Kingdom"]
[Date "2021.07.10"]
[Round "2.16"]
[White "James, Russell A"]
[Black "Zhu, Yaoyao"]
[Result "1/2-1/2"]
[TimeControl "All moves in 90 minutes + 30 seconds per move"]
[WhiteElo "2147"]
[BlackElo "1859"]

1. e4 {[%clk 01:30:29]} {[%emt 00:00:30]} c5 {[%clk 01:30:47]} {[%emt
00:00:14]} 2. Nf3 {[%clk 01:30:42]} {[%emt 00:00:16]} d6 {[%clk 01:31:10]}
{[%emt 00:00:08]} 3. Bb5+ {[%clk 01:30:35]} {[%emt 00:00:37]} Bd7 {[%clk
01:31:26]} {[%emt 00:00:14]} 4. c4 {[%clk 01:30:28]} {[%emt 00:00:37]} g6
{[%clk 01:27:30]} {[%emt 00:04:26]} 5. Nc3 {[%clk 01:26:38]} {[%emt 00:04:18]}
Bg7 {[%clk 01:26:34]} {[%emt 00:01:27]} 6. O-O {[%clk 01:22:28]} {[%emt
00:04:40]} Nf6 {[%clk 01:24:37]} {[%emt 00:02:27]} 7. d4 {[%clk 01:12:00]}
{[%emt 00:10:58]} cxd4 {[%clk 01:24:27]} {[%emt 00:00:40]} 8. Nxd4 {[%clk
01:12:21]} {[%emt 00:00:07]} O-O {[%clk 01:21:50]} {[%emt 00:03:10]} 9. Bxd7
{[%clk 01:10:01]} {[%emt 00:02:50]} Qxd7 {[%clk 01:19:30]} {[%emt 00:02:51]} 10.
h3 {[%clk 01:08:56]} {[%emt 00:01:34]} Nc6 {[%clk 01:17:33]} {[%emt 00:02:27]}
11. Be3 {[%clk 01:05:26]} {[%emt 00:04:00]} Rac8 {[%clk 01:01:38]} {[%emt
00:16:26]} 12. b3 {[%clk 00:35:40]} {[%emt 00:30:15]} a6 {[%clk 00:57:33]}
{[%emt 00:04:35]} 13. a4 {[%clk 00:32:30]} {[%emt 00:03:40]} Qc7 {[%clk
00:51:53]} {[%emt 00:06:10]} 14. Rc1 {[%clk 00:29:34]} {[%emt 00:03:25]} Qa5
{[%clk 00:43:47]} {[%emt 00:08:36]} 15. Re1 {[%clk 00:27:31]} {[%emt 00:02:32]}
Rfe8 {[%clk 00:41:47]} {[%emt 00:02:31]} 16. Nf3 {[%clk 00:14:17]} {[%emt
00:13:44]} Nb4 {[%clk 00:28:42]} {[%emt 00:13:36]} 17. Qd2 {[%clk 00:12:03]}
{[%emt 00:02:43]} Qc7 {[%clk 00:25:04]} {[%emt 00:04:08]} 18. Bd4 {[%clk
00:10:20]} {[%emt 00:02:12]} Nd7 {[%clk 00:17:20]} {[%emt 00:08:15]} 19. Nd5
{[%clk 00:07:34]} {[%emt 00:03:16]} Nxd5 {[%clk 00:17:36]} {[%emt 00:00:14]} 20.
cxd5 {[%clk 00:07:49]} {[%emt 00:00:14]} Qb8 {[%clk 00:17:46]} {[%emt
00:00:20]} 21. Bxg7 {[%clk 00:05:54]} {[%emt 00:02:25]} Kxg7 {[%clk 00:18:11]}
{[%emt 00:00:06]} 22. Qd4+ {[%clk 00:05:27]} {[%emt 00:00:57]} Kg8 {[%clk
00:17:39]} {[%emt 00:01:02]} 23. b4 {[%clk 00:03:18]} {[%emt 00:02:39]} Rxc1
{[%clk 00:17:45]} {[%emt 00:00:24]} 24. Rxc1 {[%clk 00:03:43]} {[%emt
00:00:05]} Rc8 {[%clk 00:17:59]} 1/2-1/2

[Event "25th 4NCL Congress"]
[Site "Leamington Spa, United Kingdom"]
[Date "2021.07.10"]
[Round "2.17"]
[White "Bin-Suhayl, Ieysaa"]
[Black "Merriman, James"]
[Result "1-0"]
[TimeControl "All moves in 90 minutes + 30 seconds per move"]
[WhiteElo "2223"]
[BlackElo "1828"]

1. Nf3 {[%clk 01:30:34]} {[%emt 00:03:03]} c5 {[%clk 01:30:48]} 2. c4 {[%clk
01:31:01]} g6 {[%clk 01:31:06]} 3. g3 {[%clk 01:31:29]} Bg7 {[%clk 01:31:15]} 4.
Bg2 {[%clk 01:31:55]} Nc6 {[%clk 01:31:37]} 5. Nc3 {[%clk 01:32:15]} e6 {[%clk
01:31:12]} 6. O-O {[%clk 01:32:40]} Nge7 7. d4 {[%clk 01:33:06]} cxd4 {[%clk
01:31:56]} 8. Nb5 {[%clk 01:33:34]} d5 {[%clk 01:32:18]} 9. cxd5 {[%clk
01:32:11]} exd5 {[%clk 01:32:18]} 10. Nfxd4 {[%clk 01:32:26]} O-O {[%clk
01:31:05]} 11. Be3 {[%clk 01:23:52]} Be6 {[%clk 01:23:34]} 12. Qd2 {[%clk
01:13:43]} Ne5 {[%clk 01:14:48]} 13. b3 {[%clk 01:12:43]} a6 {[%clk 01:12:45]}
14. Nxe6 {[%clk 01:08:32]} fxe6 {[%clk 01:13:04]} 15. Nd4 {[%clk 01:09:00]} Qd7
{[%clk 01:08:03]} 16. Bh6 {[%clk 01:08:28]} Bxh6 {[%clk 00:52:27]} 17. Qxh6
{[%clk 01:08:56]} Nf7 {[%clk 00:49:32]} 18. Qh3 {[%clk 01:07:22]} Nf5 {[%clk
00:48:47]} 19. Rad1 {[%clk 01:07:06]} Rad8 {[%clk 00:36:47]} 20. Rfe1 {[%clk
00:56:50]} Qe7 {[%clk 00:33:19]} 21. Qg4 {[%clk 00:53:47]} Qf6 {[%clk
00:29:23]} 22. Nxf5 {[%clk 00:45:42]} Qxf5 {[%clk 00:28:49]} 23. Qb4 {[%clk
00:45:45]} Nd6 {[%clk 00:22:06]} 24. f4 {[%clk 00:45:37]} g5 25. e3 {[%clk
00:39:26]} b5 {[%clk 00:10:43]} 26. Rd4 {[%clk 00:38:58]} {[%emt 00:00:50]} Rd7
{[%clk 00:05:56]} {[%emt 00:05:46]} 27. e4 {[%clk 00:38:15]} {[%emt 00:01:12]}
dxe4 {[%clk 00:05:49]} {[%emt 00:00:37]} 28. Rxd6 {[%clk 00:37:35]} {[%emt
00:01:09]} a5 {[%emt 00:00:11]} 29. Qd4 {[%clk 00:38:01]} Rxd6 {[%clk
00:06:15]} {[%emt 00:00:28]} 30. Qxd6 {[%clk 00:38:26]} {[%emt 00:00:04]} gxf4
{[%clk 00:06:37]} {[%emt 00:00:08]} 31. Bxe4 {[%clk 00:36:52]} {[%emt
00:02:05]} Qg5 {[%clk 00:06:32]} {[%emt 00:00:35]} 32. Qxe6+ {[%clk 00:37:05]}
{[%emt 00:00:18]} Kh8 {[%clk 00:06:56]} {[%emt 00:00:05]} 33. Qd7 {[%clk
00:37:13]} {[%emt 00:00:23]} Qh5 {[%clk 00:06:54]} {[%emt 00:00:31]} 34. Qd4+
{[%clk 00:37:39]} {[%emt 00:00:05]} Kg8 {[%clk 00:07:15]} {[%emt 00:00:07]} 35.
Bd5+ {[%clk 00:38:07]} {[%emt 00:00:03]} 1-0